| 000 | 00860 a2200289 4500 | ||
|---|---|---|---|
| 260 | _aParis | ||
| 100 | _aHLADIH, Claude Marcel | ||
| 700 | 1 | _aHLADIK, Annette | |
| 700 | 1 | _aPAGEZY, Hélène | |
| 700 | 1 | _aLINARES, Olga F. | |
| 700 | 1 | _aKOPPERT, Georgius J.A. | |
| 700 | 1 | _aFROMENT, Alain | |
| 260 | _bUNESCO | ||
| 300 | _app.647-1406 | ||
| 245 | _aVolume 2 : Bases culturelles des choix alimentaires et stratégies de développement | ||
| 650 | _aForêt tropicale | ||
| 650 | _aRessource alimentaire | ||
| 650 | _aPréférence alimentaire | ||
| 650 | _aAlimentation humaine | ||
| 300 | _bcouv. ill. en coul., ill. ; 23 cm. | ||
| 260 | _c1996 | ||
| 440 | _aL'Alimentation en forêt tropicale : interactions bioculturelles et perspectives de développement | ||
| 130 | _lFR | ||
| 020 | _a92-3-203381-X | ||
| 999 |
_c28342 _d28342 |
||